| 000 | 00474 a2200169 4500 | ||
|---|---|---|---|
| 003 | OSt | ||
| 005 | 20231103122333.0 | ||
| 008 | 231103b |||||||| |||| 00| 0 eng d | ||
| 020 | _a9789391600136 | ||
| 040 | _coclc | ||
| 082 |
_a954.83 _bQAD/P |
||
| 100 |
_aQadiri, Shamsullah _92061 |
||
| 245 | _aPracheena Malabar/ Shamsulla Qadiri | ||
| 260 |
_aKerala: _bOther Books, _c2021. |
||
| 300 | _a100p | ||
| 942 |
_2ddc _cBK _h954.83 _iQAD/P _k954.83 _mQAD/P |
||
| 999 |
_c42779 _d42779 |
||